000 00450pab a2200169 454500
008 180718b2010 xxu||||| |||| 00| 0 eng d
100 _aMadhusudan, M.D.
245 _aSeeing the elephant in the room: Human-elephant conflict and the ETF report
260 _c2010
300 _ap.29-31.
362 _a4 Dec
650 _aWild animals
700 _aSankaran, Pavithra
773 _aEconomic and Political Weekly
908 _aN
909 _a90187
999 _c90187
_d90187